Living with the chip

Zapisane w:
Opis bibliograficzny
1. autor: David Manners
Format: Książka
Język:Undetermined
Wydane: London Chapman & Hall 1995
Hasła przedmiotowe:
Etykiety: Dodaj etykietę
Nie ma etykietki, Dołącz pierwszą etykiete!
Thư viện lưu trữ: Trung tâm Học liệu Trường Đại học Cần Thơ
LEADER 00450nam a2200169Ia 4500
001 CTU_87164
008 210402s9999 xx 000 0 und d
082 |a 004 
082 |b M281 
100 |a David Manners 
245 0 |a Living with the chip 
245 0 |c David Manners 
260 |a London 
260 |b Chapman & Hall 
260 |c 1995 
650 |a microelectronics,electronic industry 
980 |a Trung tâm Học liệu Trường Đại học Cần Thơ